000 01032nam a22003017a 4500
001 5204
003 FISKH
005 20241119090404.0
008 241119b cb ||||| |||| 00| 0 eng d
020 _a9780064440141
040 _aFISKH
_beng
_cFISKH
_dFISKH
050 _aPZ7.M652
082 _a813.69
100 _aMinarik, Holmelund Else
_d(1920–2012)
245 _aFather bear comes home /
_cAn I can read book by Else Holmelund Minarik pictures by Maurice Sendak by the author and artist of LITTLE BEAR
250 _a1959
260 _aNew York :
_bHarper,
_c1959.
300 _a62 pages :
_bColor illustrations ;
_c23 cm
505 _aG
520 _aDescribes the adventures of Little Bear in which he goes fishing, has the hiccups, looks for a mermaid, and welcomes Father Bear home from the sea.
521 8 _a400L
_bLexile
521 8 _aG
_bRaz-Plus
650 _2Picture book
_aFiction
650 _2Fathers
_aBears
700 _aSendak, Maurice
_dIllustrator
942 _2ddc
_cBK
_n0
999 _c5204
_d5204